000 00330nam a22001337a 4500
008 180903b xxu||||| |||| 00| 0 eng d
020 _a73603
041 _aeng
080 _a159.9
100 _a48
101 _aPSI
245 _aThe Psychology of Learning and Instruction: Educational Psychology
_cCecco, J.P
942 _2udc
_cBK
999 _c47457
_d47457